000 01140nam a22001577a 4500
999 _c519051
_d519051
008 220124b ||||| |||| 00| 0 eng d
100 _aLong, Tran Hoang and Yen, Tran Thi Hai
_932450
245 _aFree and open indo-pacific strategy: A Vietnamese perspective
260 _aIndia Quarterly
300 _a77(2), Jun, 2021: p.159-171
520 _aFree and Open Indo-Pacific (FOIP) is considered a US strategy to deal with China and maintain and expand its influence in the Indo-Pacific region. Though FOIP is considered an initiative of the United States, implementing it successfully requires the participation of the Quad including the United States, India, Japan and Australia. Besides the Quad, other factors coming from the developing economies of the region will be indispensable components of FOIP. The article gives an overview of the FOIP as well as analyses the stands of ASEAN and Vietnam on this strategy from the perspective of the Vietnamese scholars. – Reproduced
650 _aFOIP, India, ASEAN, Vietnam, Response
_929245
773 _aIndia Quarterly
906 _aINTERNATIONAL RELATIONS
942 _cAR